000 00274nam a2200121 4500
999 _c10652
_d10652
003 OSt
005 20220509130227.0
008 220509b ||||| |||| 00| 0 eng d
082 _a721.0913
100 _aMaxwell Fry Jane Drew
245 _aTropical architecture
942 _2ddc